000 00803nam a2200265 a 4500
001 BRCA_6621
005 20190320205530.0
008 041011s1963----mx-a######---#000-0#spa-#
041 _aspa
044 _amx
050 4 _aND813.G6
_b.G85 1963
100 1 _aGullón, Ricardo
_916577
245 1 0 _aDe Goya al arte abstracto
_cRicardo Gullón.
250 _a2
260 _aMéxico
_bLa Torre: Universitaria, Universidad de Puerto Rico
_c1963
300 _a211 p.
_bil.
_c23 cm.
500 _aIncluye índice de ilustraciones
500 _aDonación Dra. Elsa Barberena
600 1 4 _aGoya y Lucientes, Francisdo de
_d1746-1828
_916578
650 1 4 _aPintura española
_97790
650 1 4 _aArtistas españoles
_916579
650 1 4 _aArte abstracto
_xHistoria
_916580
902 _aDEB
942 _2lcc
_cB
999 _c6305
_d6305